000 00666nam a2200265Ia 4500
001 7941
005 20240113234042.0
007 ta
008 050714s2002 a g b000 u eng u
020 _a81-7611-119-8
040 _aCotton College,Assam
041 _aeng
082 _a581.63
_bAg 11 Me
100 _aAgarwal, Mala .
245 0 _aMedicinal Plants /
_cMala Agarwal.
_hTextual Documents
250 _a1st ed /
260 _aJaipur :
_bRBSA Publishers ,
_c2002.
300 _a100p. :
_bill ;
_c22cm. .
504 _aBib.
653 _aBotany
653 _aMedicinal Plants
942 _2ddc
_cBK
999 _c7928
_d7928